| 000 | 00919nam a2200253Ia 4500 | ||
|---|---|---|---|
| 003 | OSt | ||
| 005 | 20221005111300.0 | ||
| 006 | a|||||r|||| 00| 0 | ||
| 007 | ta | ||
| 008 | 221004b |||||||| |||| 00| 0 hin d | ||
| 020 |
_a8181435079 (HBK) _c495 |
||
| 024 | _a95141 | ||
| 037 |
_b568, 23/03/2009, Vani Prakashan _cTextual |
||
| 040 |
_aCRL _cCRL _bhin |
||
| 041 |
_2hin _ahin |
||
| 082 | _a40bZ, 152P7 | ||
| 100 | _aदीक्षित, हरबंश | ||
| 245 | 0 | _aप्रेस विधि एंव अभिव्यक्ति स्वातन्×य | |
| 246 | _aPres vidhi eanva abhivyakti swātan×ya | ||
| 260 |
_aनई दिल्ली _bवाणी प्रकाशन भारत _c2007 |
||
| 300 |
_a456पृ0 _ccm. |
||
| 942 |
_h40bZ, 152P7 _cTEXL _2cc |
||
| 999 |
_c1021373 _d1021373 |
||